000 00684nam a22002177a 4500
003 OSt
005 20141021152341.0
008 141009b xxu||||| |||| 00| 0 eng d
020 _a958-600-230-6
040 _cBMC
082 _a658.15
082 _a658.4
100 1 _926442
_aOrtiz Gómez, Alberto‏
245 1 0 _aGerencia financiera
_b: un enfoque estratégico
_cAlberto Ortiz Gómez ; Jorge Trujillo Navarrete
260 _aSantafé de Bogotá [etc.]
_bMcGraw-Hill
_c1995
300 _aXVI, 430 p.
_bil., gráf.
_c24 cm.
650 2 4 _95713
_aEmpresas
_xFinanzas
650 2 4 _96396
_aPlanificación estratégica
700 1 _926482
_aTrujillo Navarrete, Jorge
942 _2ddc
_cBK
999 _c14500
_d14500